[Event "Pescia op-B 5th"]
[Site "Pescia"]
[Date "2013.10.13"]
[Round "4"]
[White "Arsi, Francesco"]
[Black "Casadei, Idio"]
[Result "0-1"]
[WhiteElo "1598"]
[BlackElo "1692"]
[PlyCount "100"]
[EventDate "2013.10.11"]
[EventType "swiss"]
[EventRounds "5"]
[EventCountry "ITA"]
[SourceTitle "EXT 2015"]
[Source "ChessBase"]
[SourceDate "2014.11.20"]
[SourceVersion "1"]
[SourceVersionDate "2014.11.20"]
[SourceQuality "1"]

1. e4 e6 2. d4 d5 3. e5 c5 4. c3 Nc6 5. Nf3 Bd7 6. Bd3 Qb6 7. 0-0 cxd4 8. cxd4 Nxd4 9. Ng5 Nf5 10. Bxf5 exf5 11. Qxd5 Be6 12. Qd1 Ne7 13. Nxe6 fxe6 14. Nc3 Nc6 15. Re1 a6 16. Na4 Qd4 17. Qxd4 Nxd4 18. Rd1 Nc6 19. Bf4 Rd8 20. Rxd8+ Kxd8 21. Rd1+ Kc7 22. Nc3 Be7 23. Kf1 g5 24. Be3 Nxe5 25. Bd4 Bf6 26. Re1 Kd6 27. Rd1 Ke7 28. Re1 Nd7 29. Bxf6+ Nxf6 30. Rd1 Rd8 31. Rxd8 Kxd8 32. Ke2 Nd5 33. Na4 b6 34. Kd3 Ke7 35. Kd4 Kd6 36. b3 e5+ 37. Kd3 b5 38. Nb2 Nf4+ 39. Ke3 a5 40. g3 Nd5+ 41. Kd3 Kc5 42. a4 e4+ 43. Kd2 Nb6 44. axb5 Kxb5 45. Nc4 Nxc4+ 46. bxc4+ Kxc4 47. Kc2 f4 48. gxf4 gxf4 49. h4 e3 50. fxe3 fxe3 0-1

[Event "Pescia op-B 5th"]
[Site "Pescia"]
[Date "2013.10.12"]
[Round "2"]
[White "Soppelsa, Maurizio"]
[Black "Casadei, Idio"]
[Result "1/2-1/2"]
[WhiteElo "1614"]
[BlackElo "1692"]
[PlyCount "114"]
[EventDate "2013.10.11"]
[EventType "swiss"]
[EventRounds "5"]
[EventCountry "ITA"]
[SourceTitle "EXT 2015"]
[Source "ChessBase"]
[SourceDate "2014.11.20"]
[SourceVersion "1"]
[SourceVersionDate "2014.11.20"]
[SourceQuality "1"]

1. d4 Nf6 2. c4 g6 3. Nc3 d5 4. cxd5 Nxd5 5. e4 Nxc3 6. bxc3 Bg7 7. Bc4 0-0 8. Ne2 c5 9. Be3 cxd4 10. cxd4 Qa5+ 11. Qd2 Nc6 12. Qxa5 Nxa5 13. Rc1 Nxc4 14. Rxc4 b6 15. 0-0 Ba6 16. Rc2 Rac8 17. Rxc8 Rxc8 18. Rc1 Rxc1+ 19. Nxc1 Bc4 20. f3 a5 21. Kf2 b5 22. Ke1 e6 23. g3 b4 24. Kd2 a4 25. Kc2 h5 26. Nd3 Bf8 27. Bd2 Bxd3+ 28. Kxd3 b3 29. axb3 axb3 30. Bc1 Bb4 31. Kc4 Be1 32. d5 exd5+ 33. exd5 Kf8 34. Kxb3 Ke7 35. Bb2 Bf2 36. Kc4 Kd6 37. Ba3+ Kd7 38. Bc5 Be1 39. Kd4 Bf2+ 40. Kc4 Be1 41. Kd3 Ba5 42. h3 Bc7 43. g4 hxg4 44. fxg4 f5 45. gxf5 gxf5 46. Ke3 Bh2 47. Kf3 Ke8 48. Be3 Kf7 49. Bf4 Bg1 50. Be5 Bb6 51. h4 Kg6 52. d6 Bd8 53. Bg3 Kf6 54. Ke3 Ke6 55. h5 Bf6 56. h6 Bg5+ 57. Bf4 Bxh6 1/2-1/2